[Event "Pagrati CC-ch"]
[Site "Pagrati"]
[Date "2006.09.28"]
[Round "1.4"]
[White "Feidakis, Andreas"]
[Black "Ilandzis, Spyridon"]
[Result "0-1"]
[WhiteElo "1675"]
[BlackElo "2175"]
[PlyCount "66"]
[EventDate "2006.09.28"]
[EventType "swiss"]
[EventRounds "7"]
[EventCountry "GRE"]
[SourceTitle "EXT 2024"]
[Source "ChessBase"]
[SourceDate "2023.10.10"]
[SourceVersion "1"]
[SourceVersionDate "2023.10.10"]
[SourceQuality "1"]

1. d4 Nf6 2. Nf3 e6 3. Bg5 c5 4. e3 Qb6 5. Qc1 Ne4 6. Bf4 Nc6 7. c3 Be7 8. Bd3 d5 9. Nbd2 g5 10. Bg3 f5 11. Bxe4 fxe4 12. Ne5 Bf6 13. Nxc6 bxc6 14. Bd6 cxd4 15. exd4 Ba6 16. Nb3 0-0-0 17. Bg3 h5 18. h3 Be7 19. Qd2 Rd7 20. h4 Rb7 21. hxg5 Qb5 22. 0-0-0 Qa4 23. Kb1 Bd3+ 24. Ka1 Rxb3 25. Be5 Rg8 26. Rxh5 Rb6 27. Rdh1 Ra6 28. b3 Qxb3 29. Rh8 Rxh8 30. Rxh8+ Kd7 31. Rb8 Bxg5 32. f4 exf3 33. Qxd3 Rxa2# 0-1